Redressing the balance (Record no. 78730)
[ view plain ]
| 000 -LEADER | |
|---|---|
| fixed length control field | 00892cab a22002055a 4500 |
| 001 - CONTROL NUMBER | |
| control field | L137862 |
| 008 - FIXED-LENGTH DATA ELEMENTS--GENERAL INFORMATION | |
| fixed length control field | 070502s2005 xxk f 000 0 eng d |
| 035 ## - SYSTEM CONTROL NUMBER | |
| System control number | (Sirsi) u137862 |
| 041 0# - LANGUAGE CODE | |
| Language code of text/sound track or separate title | eng |
| 100 1# - MAIN ENTRY--PERSONAL NAME | |
| Personal name | Sweet, Rod |
| 245 00 - TITLE STATEMENT | |
| Title | Redressing the balance |
| 260 ## - PUBLICATION, DISTRIBUTION, ETC. | |
| Date of publication, distribution, etc. | 2005 |
| 490 ## - SERIES STATEMENT | |
| Series statement | Construction Manager |
| Volume/sequential designation | July-August 2005, 13-14(2) |
| 520 ## - SUMMARY, ETC. | |
| Summary, etc. | Profiles the Simons Group's attempts goal of reaching a 50% female workforce. A well known female consultant has been brought in to work towards the task. In four years, the female workforce has increased by over 5%. Reports the positive effect this is having on the company. Provides a brief summary of discrimination laws and ways to avoid these via positive encouragement. |
| 600 14 - SUBJECT ADDED ENTRY--PERSONAL NAME | |
| Personal name | Rhys Jones, Sandi FCIOB |
| 600 14 - SUBJECT ADDED ENTRY--PERSONAL NAME | |
| Personal name | Hodgkinson, Paul |
| 651 #4 - SUBJECT ADDED ENTRY--GEOGRAPHIC NAME | |
| Geographic name | International |
| 690 ## - LOCAL SUBJECT ADDED ENTRY--TOPICAL TERM (OCLC, RLIN) | |
| Topical term or geographic name as entry element | MANAGEMENT-BUSINESS MANAGEMENT |
| 942 ## - ADDED ENTRY ELEMENTS (KOHA) | |
| Suppress in OPAC | 0 |
| Withdrawn status | Lost status | Source of classification or shelving scheme | Damaged status | Not for loan | Home library | Current library | Shelving location | Date acquired | Total Checkouts | Full call number | Barcode | Date last seen | Copy number | Price effective from | Koha item type |
|---|---|---|---|---|---|---|---|---|---|---|---|---|---|---|---|
| Dewey Decimal Classification | London | London | Journal article | 02/05/2007 | L137862 | 137862-1001 | 06/08/2019 | 1 | 06/08/2019 | Journal article |